History Quiz

Random History or Biography Quiz
Score 0/18 Timer 05:00
3 Plays Today
% Correct
Barack Obama
44th President
97.1%
Muhammad Ali
Heavyweight Boxer
95%
Martin Luther King Jr.
Civil Rights Activist
94.6%
Richard Nixon
37th President
92.1%
Aretha Franklin
Queen of Soul
92%
Amelia Earhart
American Aviator
91.2%
Jackie Robinson
Baseball Player
89.7%
Spike Lee
Director
87%
Rosa Parks
Civil Rights Activist
83.3%
% Correct
Bill Clinton
42nd President
81.6%
Susan B. Anthony
Dollar Coin
81.5%
Dr. Seuss
'Green Eggs & Ham'
75.7%
Diana Ross
Supremes Lead Singer
75.5%
J. R. R. Tolkien
'The Lord Of The Rings'
72.4%
Norman Rockwell
Illustrator
70.4%
George Orwell
'Nineteen Eighty-Four'
67.2%
Hattie McDaniel
'Gone With The Wind'
64.6%
Diego Rivera
Mexican Artist
64.6%
Remove Ads.
Support Sporcle.
Get the best of Sporcle when you Go Orange. This ad-free experience offers more features, more stats, and more fun while also helping to support Sporcle. Thank you for becoming a member.

You're not logged in!

Compare scores with friends on all Sporcle quizzes.
OR
Log In

Sporcle TV

Today on Sporcle TV


Watch our educational content, quiz creation guides, and fun videos on Sporcle TV.

Show Comments

Extras

Top Quizzes Today


Score Distribution

Paid Content

Your Account Isn't Verified!

In order to create a playlist on Sporcle, you need to verify the email address you used during registration. Go to your Sporcle Settings to finish the process.

Report this User

Report this user for behavior that violates our Community Guidelines.

Details: